000
00280nam a2200121Ia 4500
005
20251222144827.0
008
251222s9999||||xx |||||||||||||| ||spa||
020
_a
9972-738-04-3
082
_a
657.85/R35C
245
0
_a
Régimen Comercial Peruano
264
_b
Legis
942
_c
LIB
999
_c
20715
_d
20715